header

Broadband wireless access (Record no. 65160)

MARC details
000 -LEADER
fixed length control field 01368nam a22003374a 4500
082 04 - DEWEY DECIMAL CLASSIFICATION NUMBER
Classification number 621.382/12
100 1# - MAIN ENTRY--AUTHOR NAME
Personal name Bing, Benny.
245 10 - TITLE STATEMENT
Title Broadband wireless access
260 ## - PUBLICATION, DISTRIBUTION, ETC. (IMPRINT)
Place of publication Boston :
Name of publisher Kluwer Academic Publishers,
Year of publication c2000.
300 ## - PHYSICAL DESCRIPTION
Number of Pages xxi, 262 p. :
Other physical details ill.
490 1# - SERIES STATEMENT
Series statement Kluwer international series in engineering and computer science ;
650 #0 - SUBJECT ADDED ENTRY--TOPICAL TERM
Topical Term Broadband communication systems.
Topical Term Multimedia systems
Topical Term Computer network protocols.
856 40 - ELECTRONIC LOCATION AND ACCESS
Uniform Resource Identifier http://site.ebrary.com/lib/rucke/Doc?id=10053020

No items available.

© 2026 Rongo University
Contact us: librarian | system librarian | Rongo university